00555cam a2200181 a 450000100070000000500170000700800410002402000150006502000150008004000180009508200220011324500720013526000440020730000190025165000140027070000230028485600660030761650520240216015912.0920828s1993 enk b 001 0 eng  a0415082552 a0415082560 aDLCcDLCdDLC00a320..01220bNIE.00aNietzsche, feminism, and political theory /cedited by Paul Patton. aLondon ;aNew York :bRoutledge,c1993. axiii, 247 p. ; 0aFeminism.1 aPatton, Paul.eedt42uhttp://www.loc.gov/catdir/enhancements/fy0648/92033978-d.html